Spanish Adverbs A1 (EN->ES) - Statistics

General Stats
  • This quiz has been taken 12 times
  • The average score is 27 of 48
Answer Stats
English Spanish % Correct
big grande
100%
fast rápido
100%
good bueno
91%
new nuevo
91%
small / little pequeño
91%
low bajo
82%
expensive caro
82%
easy fácil
82%
ugly feo
82%
cold frío
82%
interesting interesante
82%
high / tall alto
73%
short corto
73%
difficult difícil
73%
long largo
73%
bad malo
73%
rich rico
73%
boring aburrido
64%
cheap barato
64%
hot caliente
64%
dark oscuro
64%
dangerous peligroso
64%
old viejo
64%
loud fuerte
55%
strong fuerte
55%
dry seco
55%
full completo / lleno
45%
weak débil
45%
hard duro
45%
beautiful hermoso
45%
clean limpio
45%
poor pobre
45%
dirty sucio
45%
wide ancho
36%
slow lento
36%
wet mojado
36%
heavy pesado
36%
safe seguro
36%
soft suave
36%
stupid tonto
36%
empty vacío
36%
thin delgado
27%
narrow estrecho
27%
light ligero
27%
bright brillante
18%
thick grueso
18%
quiet tranquillo
18%
smart inteligentemente
9%
No matching quizzes found
Score Distribution
Percent of People with Each Score
Percentile by Number Answered
Your Score History
You have not taken this quiz